[Event "Lvov Blitz m"]
[Site "Lvov"]
[Date "2025.03.21"]
[Round "5"]
[White "Kovalenko, Igor"]
[Black "Kravtsiv, Martyn"]
[Result "0-1"]
[WhiteElo "2674"]
[BlackElo "2598"]
[PlyCount "98"]
[EventDate "2025.03.20"]
[EventType "match (blitz)"]
[EventRounds "8"]
[EventCountry "UKR"]
[SourceTitle "CB13_2025"]
[SourceDate "2025.03.26"]
[SourceVersion "1"]
[SourceVersionDate "2025.03.26"]
[SourceQuality "1"]

1. c4 e6 2. d4 d5 3. Nf3 Nf6 4. g3 Be7 5. Bg2 0-0 6. 0-0 c6 7. Nc3 b6 8. b3 Nbd7 9. Bb2 Bb7 10. Qc2 dxc4 11. bxc4 c5 12. d5 exd5 13. cxd5 Re8 14. Rad1 Bd6 15. Nh4 a6 16. Nf5 Bf8 17. e4 c4 18. Rfe1 Ne5 19. d6 Nd3 20. Re2 g6 21. Ne3 b5 22. Red2 Bxd6 23. Rxd3 cxd3 24. Rxd3 Qe7 25. Rxd6 Qxd6 26. e5 Qb6 27. Bxb7 Qxb7 28. exf6 Rac8 29. Qd2 Re6 30. Ncd5 Rd8 31. Bd4 Rxd5 32. Nxd5 Qxd5 33. Qc3 Re8 34. h4 h5 35. Be3 Qe5 36. Qc6 Qe6 37. Qc3 Qxa2 38. Kh2 Qe6 39. Qd4 Qe5 40. Qd7 Qe6 41. Qd4 b4 42. Bd2 a5 43. Bc1 Qe5 44. Qd7 Qe6 45. Qd4 Qf5 46. Bf4 Kh7 47. Be3 Re6 48. Bg5 Re2 49. Kg1 Qe4 0-1

[Event "Lvov Blitz m"]
[Site "Lvov"]
[Date "2025.03.21"]
[Round "6"]
[White "Kravtsiv, Martyn"]
[Black "Kovalenko, Igor"]
[Result "1-0"]
[WhiteElo "2598"]
[BlackElo "2674"]
[PlyCount "117"]
[EventDate "2025.03.20"]
[EventType "match (blitz)"]
[EventRounds "8"]
[EventCountry "UKR"]
[SourceTitle "CB13_2025"]
[SourceDate "2025.03.26"]
[SourceVersion "1"]
[SourceVersionDate "2025.03.26"]
[SourceQuality "1"]

1. e4 d5 2. exd5 Qxd5 3. Nc3 Qa5 4. d4 Nf6 5. Nf3 c6 6. Bc4 Bf5 7. Bd2 Nbd7 8. Qe2 Qc7 9. 0-0-0 e6 10. Nh4 Bg6 11. Nxg6 hxg6 12. h3 0-0-0 13. Bb3 Nb6 14. Be3 Bb4 15. Kb1 Kb8 16. Rd3 Ka8 17. a3 Bxc3 18. bxc3 Rh5 19. c4 Ra5 20. Bc1 c5 21. Qe5 Qc8 22. Qe1 Ra6 23. dxc5 Nbd7 24. Qb4 Rh8 25. Be3 Ne5 26. Rd6 Nc6 27. Qc3 Ne4 28. Qxg7 Nxd6 29. cxd6 Na5 30. d7 Qg8 31. Rd1 Nc6 32. Qf6 Ra5 33. Bg5 Rxg5 34. Qxg5 Qb8 35. Ba4 Nd8 36. Qf6 Rh5 37. g4 Rxh3 38. f4 Qc7 39. Bb3 a5 40. f5 gxf5 41. gxf5 Rf3 42. Qe7 Rxf5 43. Rh1 Ka7 44. Ka2 Nc6 45. Qe8 Rf2 46. Rh8 Rd2 47. c5 Nb8 48. d8Q Rxd8 49. Qxd8 Qe5 50. Rh3 Qxc5 51. Qd2 Qc7 52. Qe3+ Ka8 53. Rf3 f5 54. Qf4 Qb6 55. Rd3 Nc6 56. Qd6 Qb5 57. Qf8+ Ka7 58. Bxe6 Qc5 59. Qxc5+ 1-0

[Event "Lvov Rapid m"]
[Site "Lvov"]
[Date "2025.03.20"]
[Round "2"]
[White "Kovalenko, Igor"]
[Black "Kravtsiv, Martyn"]
[Result "1-0"]
[WhiteElo "2674"]
[BlackElo "2598"]
[PlyCount "101"]
[EventDate "2025.03.20"]
[EventType "match (rapid)"]
[EventRounds "4"]
[EventCountry "UKR"]
[SourceTitle "CB13_2025"]
[SourceDate "2025.03.26"]
[SourceVersion "1"]
[SourceVersionDate "2025.03.26"]
[SourceQuality "1"]

1. c4 e6 2. Nc3 d5 3. d4 Nf6 4. cxd5 exd5 5. Bg5 Be7 6. e3 0-0 7. Bd3 h6 8. Bxf6 Bxf6 9. b4 Nc6 10. a3 Ne7 11. Nge2 g6 12. 0-0 a5 13. b5 Qd6 14. Qb3 Bg7 15. Rac1 b6 16. Rc2 Bb7 17. Rfc1 Rad8 18. Nb1 Rd7 19. Nd2 Rc8 20. Nf3 Rdd8 21. h4 h5 22. Nf4 Bh6 23. g3 Kg7 24. Bf1 Bxf4 25. exf4 c5 26. bxc6 Rxc6 27. Rxc6 Nxc6 28. Qxb6 Ne5 29. Qb3 Nxf3+ 30. Qxf3 Bc8 31. Qc3 Bf5 32. Qxa5 Rb8 33. Qc3 Qb6 34. Qe3 Be4 35. a4 Qb2 36. Bb5 Rb6 37. Qc3 Rxb5 38. axb5 Qxb5 39. Re1 Qd7 40. f3 Bf5 41. Qe3 Qa7 42. Kg2 Be6 43. Re2 Kh7 44. f5 Bxf5 45. Qe7 Qxd4 46. Qxf7+ Kh6 47. Qf8+ Qg7 48. Qd8 Qd4 49. Qg5+ Kg7 50. Re7+ Kf8 51. Rb7 1-0

[Event "Titled Tuesday intern op 07th Jan Early"]
[Site "Chess.com INT"]
[Date "2025.01.07"]
[Round "2"]
[White "Islam, Khandaker Aminul"]
[Black "Kovalenko, Igor"]
[Result "1-0"]
[WhiteElo "2169"]
[BlackElo "2674"]
[PlyCount "143"]
[EventDate "2025.01.07"]
[EventType "swiss (blitz)"]
[EventRounds "11"]
[EventCountry "USA"]
[SourceTitle "CB03_2025"]
[SourceDate "2025.01.15"]
[SourceVersion "1"]
[SourceVersionDate "2025.01.15"]
[SourceQuality "1"]

1. d4 Nf6 2. Nf3 e6 3. Bg5 h6 4. Bh4 d6 5. Nbd2 g5 6. Bg3 Nh5 7. e3 Bg7 8. c3 Nd7 9. Bb5 a6 10. Ba4 Qe7 11. Bc2 b6 12. Qe2 Bb7 13. 0-0-0 b5 14. e4 Nb6 15. Rhe1 Nxg3 16. hxg3 g4 17. Nh4 h5 18. f4 0-0-0 19. e5 Kb8 20. Be4 d5 21. Bd3 c5 22. dxc5 Qxc5 23. Nb3 Qc7 24. Kb1 Na4 25. Rc1 Rc8 26. Nd4 Qb6 27. f5 Bh6 28. Rc2 Rc7 29. fxe6 fxe6 30. Ng6 Rhc8 31. Nf4 Bxf4 32. gxf4 b4 33. Qe3 bxc3 34. b3 Nb2 35. f5 exf5 36. Bxf5 Re8 37. e6 Ka8 38. Rxc3 Nc4 39. Qd3 Nd6 40. Rxc7 Qxc7 41. Bg6 Re7 42. Bxh5 Ne4 43. Bxg4 Qf4 44. Bf3 Rc7 45. Kb2 Qe5 46. Rc1 Re7 47. Kb1 Qf4 48. Rc2 Qe5 49. a4 Qd6 50. Ka2 Re8 51. Qd1 Qe5 52. Qd3 Qd6 53. Rc1 Nc5 54. Qc3 Nxe6 55. Nxe6 Qxe6 56. Qd4 Qd6 57. Rd1 Rd8 58. Rd2 Qc7 59. Kb2 Qa5 60. Rc2 Re8 61. Rc5 Qb6 62. Rxd5 Qg6 63. Rd8+ Rxd8 64. Qxd8+ Ka7 65. Qd4+ Kb8 66. Qd8+ Ka7 67. Qd7 Qf6+ 68. Ka2 Kb6 69. Qxb7+ Ka5 70. Qc7+ Kb4 71. Qc4+ Ka5 72. Qc5# 1-0

[Event "Titled Tuesday intern op 10th Sep Early"]
[Site "Chess,com INT"]
[Date "2024.09.10"]
[Round "9"]
[White "Jaskolka, Tomasz"]
[Black "Kovalenko, Igor"]
[Result "0-1"]
[WhiteElo "2238"]
[BlackElo "2674"]
[PlyCount "96"]
[EventDate "2024.09.10"]
[EventType "swiss (blitz)"]
[EventRounds "11"]
[EventCountry "USA"]
[SourceTitle "EXT 2025"]
[Source "ChessBase"]
[SourceDate "2024.10.14"]
[SourceVersion "1"]
[SourceVersionDate "2024.10.14"]
[SourceQuality "1"]

1. e4 d5 2. exd5 Qxd5 3. h3 e5 4. Nc3 Qe6 5. Nf3 Bd7 6. d3 Nc6 7. g3 0-0-0 8. Bg2 Bc5 9. Ng5 Qe8 10. Bd5 Nh6 11. Qh5 Nd4 12. Kd1 f6 13. Qxe8 Bxe8 14. Ne6 Rxd5 15. Nxd5 Nxe6 16. Bxh6 gxh6 17. Nxf6 Bxf2 18. Nxe8 Rxe8 19. g4 Bg3 20. Kd2 Bf4+ 21. Kc3 Nd4 22. Rae1 Re6 23. Kc4 Rc6+ 24. Kd5 Rxc2 25. Rhf1 c6+ 26. Ke4 Ne6 27. Kf5 Kd7 28. h4 Rh2 29. h5 Kd6 30. Kf6 a5 31. b3 b5 32. a4 b4 33. Re4 c5 34. Rf3 Rg2 35. Kf5 Ng7+ 36. Kf6 Rxg4 37. Kf7 Ne6 38. Rfxf4 Rxf4+ 39. Kg8 Rxe4 40. dxe4 Ke7 41. Kh8 Kf7 42. Kxh7 c4 43. bxc4 b3 44. c5 b2 45. c6 b1Q 46. Kh8 Qb8+ 47. Kh7 Qg8+ 48. Kxh6 Qg7# 0-1

[Event "Titled Tuesday intern op 10th Sep Early"]
[Site "Chess,com INT"]
[Date "2024.09.10"]
[Round "11"]
[White "Khumalo, Keith"]
[Black "Kovalenko, Igor"]
[Result "0-1"]
[WhiteElo "2152"]
[BlackElo "2674"]
[PlyCount "98"]
[EventDate "2024.09.10"]
[EventType "swiss (blitz)"]
[EventRounds "11"]
[EventCountry "USA"]
[SourceTitle "EXT 2025"]
[Source "ChessBase"]
[SourceDate "2024.10.14"]
[SourceVersion "1"]
[SourceVersionDate "2024.10.14"]
[SourceQuality "1"]

1. d4 d5 2. c4 c6 3. Nf3 Nf6 4. Qc2 a6 5. Nbd2 g6 6. e4 dxe4 7. Nxe4 Nxe4 8. Qxe4 Bf5 9. Qh4 Nd7 10. Be2 Bg7 11. 0-0 0-0 12. g4 Bc2 13. b3 e5 14. Bg5 f6 15. Be3 g5 16. Qg3 exd4 17. Nxd4 Bg6 18. Ne6 Qe7 19. Nxf8 Rxf8 20. Rad1 Ne5 21. c5 Re8 22. Rfe1 Qc7 23. f4 gxf4 24. Bxf4 Qa5 25. Bc4+ Nxc4 26. Rxe8+ Bxe8 27. bxc4 Qxc5+ 28. Qe3 Qxe3+ 29. Bxe3 Kf7 30. c5 Kg6 31. Rb1 Bf7 32. a4 Be6 33. h3 f5 34. gxf5+ Bxf5 35. Rxb7 Bxh3 36. Rc7 Bc3 37. Rxc6+ Kf5 38. Rxa6 Ke4 39. Kf2 h5 40. Ra8 h4 41. Rd8 Be5 42. c6 Bg3+ 43. Ke2 Bg4+ 44. Kd2 h3 45. Bg1 Kf3 46. Rd3+ Kg2 47. Rxg3+ Kxg3 48. Ke3 Kg2 49. Kf4 Bc8 0-1

[Event "Titled Tuesday intern op 10th Sep Early"]
[Site "Chess,com INT"]
[Date "2024.09.10"]
[Round "10"]
[White "Kovalenko, Igor"]
[Black "Domingo Nunez, Ruben"]
[Result "1-0"]
[WhiteElo "2674"]
[BlackElo "2390"]
[PlyCount "97"]
[EventDate "2024.09.10"]
[EventType "swiss (blitz)"]
[EventRounds "11"]
[EventCountry "USA"]
[SourceTitle "EXT 2025"]
[Source "ChessBase"]
[SourceDate "2024.10.14"]
[SourceVersion "1"]
[SourceVersionDate "2024.10.14"]
[SourceQuality "1"]

1. b3 d6 2. Bb2 Nd7 3. g3 Ngf6 4. Bg2 g6 5. c4 Bg7 6. Nc3 0-0 7. e3 c5 8. Nge2 Rb8 9. 0-0 a6 10. a4 b6 11. d4 Ne8 12. Qd2 Nc7 13. Rfd1 b5 14. cxb5 axb5 15. a5 Ba6 16. b4 c4 17. d5 Ne5 18. Nc1 Bc8 19. h3 Na6 20. N3a2 Bf5 21. g4 Bc8 22. f4 Nd7 23. Bxg7 Kxg7 24. Ne2 Nf6 25. Qb2 Kg8 26. Nac3 Bd7 27. Nd4 Qc8 28. Rab1 Nc7 29. Qf2 e5 30. dxe6 fxe6 31. Qh4 Qe8 32. Nde2 d5 33. Qg3 Qe7 34. Rb2 Na6 35. Rdb1 Rbe8 36. Nd4 Rb8 37. Kh1 Kh8 38. Nf3 Be8 39. Qh4 Qg7 40. Nd4 Bd7 41. Qg5 Ne8 42. Qe5 Kg8 43. Kg1 Rf7 44. Qxg7+ Kxg7 45. Kh2 Re7 46. Nf3 Nd6 47. Ne5 Nf7 48. Kg3 Nxe5 49. fxe5 1-0

[Event "Titled Tuesday intern op 10th Sep Early"]
[Site "Chess,com INT"]
[Date "2024.09.10"]
[Round "8"]
[White "Kovalenko, Igor"]
[Black "Ziatdinov, Raset"]
[Result "1-0"]
[WhiteElo "2674"]
[BlackElo "2063"]
[PlyCount "53"]
[EventDate "2024.09.10"]
[EventType "swiss (blitz)"]
[EventRounds "11"]
[EventCountry "USA"]
[SourceTitle "EXT 2025"]
[Source "ChessBase"]
[SourceDate "2024.10.14"]
[SourceVersion "1"]
[SourceVersionDate "2024.10.14"]
[SourceQuality "1"]

1. e4 c6 2. d4 d5 3. e5 c5 4. dxc5 e6 5. a3 Bxc5 6. Qg4 g6 7. Nf3 Nc6 8. Bd3 h5 9. Qf4 Nh6 10. 0-0 Nf5 11. b4 Be7 12. b5 Na5 13. Re1 Bd7 14. Nc3 Qc7 15. Nxd5 exd5 16. e6 Qxf4 17. exd7+ Kxd7 18. Bxf4 Bf6 19. Be5 Bxe5 20. Nxe5+ Kc7 21. Nxf7 Rhe8 22. Ne5 Re6 23. Nxg6 Rxg6 24. Bxf5 Rb6 25. a4 Nc4 26. Rad1 Kd6 27. Be4 1-0

[Event "Titled Tuesday intern op 02nd Jul Early"]
[Site "Chess.com INT"]
[Date "2024.07.02"]
[Round "4"]
[White "Kovalenko, Igor"]
[Black "Damjanovic, Vuk"]
[Result "0-1"]
[WhiteElo "2674"]
[BlackElo "2361"]
[PlyCount "52"]
[EventDate "2024.07.02"]
[EventType "swiss (blitz)"]
[EventRounds "11"]
[EventCountry "USA"]
[SourceTitle "EXT 2025"]
[Source "ChessBase"]
[SourceDate "2024.10.14"]
[SourceVersion "1"]
[SourceVersionDate "2024.10.14"]
[SourceQuality "1"]

1. d4 Nf6 2. Nf3 g6 3. Bf4 Bg7 4. e3 0-0 5. h3 b6 6. a4 a6 7. Bd3 Bb7 8. Nbd2 d6 9. 0-0 c5 10. Bh2 Nbd7 11. Re1 Re8 12. c3 Qc7 13. Qb3 Bd5 14. Bc4 Bxc4 15. Nxc4 Ne4 16. Qc2 Qb7 17. Rad1 Ndf6 18. d5 b5 19. Na5 Qb6 20. Nc6 bxa4 21. c4 Qb3 22. Re2 a5 23. Rd3 Qxc2 24. Rxc2 e6 25. dxe6 Rxe6 26. Nd2 Ra6 0-1

[Event "Titled Tuesday intern op 02nd Jul Early"]
[Site "Chess.com INT"]
[Date "2024.07.02"]
[Round "8"]
[White "Kovalenko, Igor"]
[Black "Eljanov, Pavel"]
[Result "0-1"]
[WhiteElo "2674"]
[BlackElo "2672"]
[PlyCount "88"]
[EventDate "2024.07.02"]
[EventType "swiss (blitz)"]
[EventRounds "11"]
[EventCountry "USA"]
[SourceTitle "EXT 2025"]
[Source "ChessBase"]
[SourceDate "2024.10.14"]
[SourceVersion "1"]
[SourceVersionDate "2024.10.14"]
[SourceQuality "1"]

1. c4 e5 2. Nc3 Nf6 3. Nf3 e4 4. Ng5 c6 5. d3 exd3 6. e4 h6 7. Nf3 Bb4 8. Bxd3 Bxc3+ 9. bxc3 d6 10. Nd4 0-0 11. 0-0 Nbd7 12. Re1 Ne5 13. Bf1 Re8 14. f3 Be6 15. Nxe6 Rxe6 16. Rb1 Qc7 17. Be3 b6 18. Bf2 Rae8 19. Qd2 Ned7 20. Rbd1 Nc5 21. Bg3 Nb7 22. Re3 Nd7 23. h3 Ne5 24. Kh1 Na5 25. Qd4 Qe7 26. Bh2 Qc7 27. f4 Nd7 28. f5 c5 29. Qd3 Ne5 30. Qd5 R6e7 31. Qxd6 Qxd6 32. Rxd6 Nexc4 33. Rf3 Nxd6 34. Bxd6 Rxe4 35. f6 R4e6 36. Be7 R6xe7 37. fxe7 Rxe7 38. Bb5 Nb7 39. Bc6 Nd6 40. Bd5 g6 41. Rf6 Ne4 42. Rc6 Kg7 43. Bxe4 Rxe4 44. Rc7 Ra4 0-1

[Event "Titled Tuesday intern op 02nd Jul Early"]
[Site "Chess.com INT"]
[Date "2024.07.02"]
[Round "3"]
[White "Kovalenko, Igor"]
[Black "Gelman, Alexander"]
[Result "1-0"]
[WhiteElo "2674"]
[BlackElo "2403"]
[PlyCount "99"]
[EventDate "2024.07.02"]
[EventType "swiss (blitz)"]
[EventRounds "11"]
[EventCountry "USA"]
[SourceTitle "EXT 2025"]
[Source "ChessBase"]
[SourceDate "2024.10.14"]
[SourceVersion "1"]
[SourceVersionDate "2024.10.14"]
[SourceQuality "1"]

1. d4 c5 2. d5 Nf6 3. Nc3 d6 4. e4 g6 5. f4 Bg7 6. Nf3 0-0 7. Bd3 e6 8. dxe6 Bxe6 9. 0-0 Nc6 10. Kh1 c4 11. Be2 d5 12. e5 Ne8 13. Nb5 Nc7 14. Nbd4 Nxd4 15. Nxd4 f6 16. exf6 Qxf6 17. c3 Rae8 18. Be3 Bf5 19. Nxf5 Qxf5 20. Bxa7 Re4 21. Bb6 Na8 22. Bg4 Qf7 23. Bg1 h5 24. Bf3 Nc7 25. Bxe4 dxe4 26. Qe2 b5 27. Qxe4 Nd5 28. Rad1 Nf6 29. Qc6 Ng4 30. Qd5 Re8 31. Qxf7+ Kxf7 32. h3 Nf6 33. Rfe1 Ne4 34. Kh2 h4 35. Rd7+ Kf8 36. Bc5+ Kg8 37. Bd4 Bh6 38. Kg1 Bxf4 39. Rg7+ Kf8 40. Rf1 g5 41. Rxg5 Nxg5 42. Rxf4+ Nf7 43. Rxh4 Re2 44. b4 Rxa2 45. Rh5 Ke7 46. Rxb5 Ke6 47. Rc5 Nd6 48. b5 Rb2 49. b6 Rxb6 50. Re5+ 1-0

[Event "Titled Tuesday intern op 02nd Jul Early"]
[Site "Chess.com INT"]
[Date "2024.07.02"]
[Round "1"]
[White "Kovalenko, Igor"]
[Black "King, Alexander B"]
[Result "1-0"]
[WhiteElo "2674"]
[BlackElo "2263"]
[PlyCount "135"]
[EventDate "2024.07.02"]
[EventType "swiss (blitz)"]
[EventRounds "11"]
[EventCountry "USA"]
[SourceTitle "EXT 2025"]
[Source "ChessBase"]
[SourceDate "2024.10.14"]
[SourceVersion "1"]
[SourceVersionDate "2024.10.14"]
[SourceQuality "1"]

1. e4 e5 2. Nf3 Nc6 3. Bb5 a6 4. Bxc6 dxc6 5. 0-0 Bg4 6. h3 h5 7. d3 Qf6 8. Be3 Bxf3 9. Qxf3 Qxf3 10. gxf3 Bd6 11. Nd2 f5 12. Nc4 f4 13. Bd2 b5 14. Na5 c5 15. a4 Kd7 16. Ra2 Ne7 17. Rfa1 Rab8 18. axb5 axb5 19. Nb3 Nc6 20. Bc3 g5 21. Kf1 Rhg8 22. Ke2 Rg7 23. Ra6 Rgg8 24. R6a2 Rg6 25. Ra8 Rgg8 26. Rxb8 Rxb8 27. Ra6 Rb6 28. Ra1 Rb8 29. Bd2 Rg8 30. c3 Rb8 31. Rg1 Rg8 32. Na1 Be7 33. Nc2 Ra8 34. Rb1 Ra2 35. Na3 b4 36. Nc4 Ke6 37. Kd1 Ra8 38. Kc2 Kf7 39. Rg1 Ke6 40. Kb3 bxc3 41. bxc3 Rb8+ 42. Kc2 Nd8 43. Bc1 Nf7 44. Ba3 Ra8 45. Kb3 Kd7 46. Ra1 Kc6 47. Kc2 Rb8 48. Bb2 Rb7 49. Ra6+ Kd7 50. Rg6 Rb8 51. Ba3 Ra8 52. Rg7 Ke6 53. Rh7 Bf6 54. Rxh5 Rg8 55. Bxc5 Ra8 56. Ba3 Ra4 57. Rh7 Ra8 58. Bb4 Ra2+ 59. Nb2 Ra1 60. Bc5 Rf1 61. Kb3 Rh1 62. d4 exd4 63. cxd4 Bd8 64. d5+ Kf6 65. Bd4+ Kg6 66. Rg7+ Kh5 67. Rxf7 Rxh3 68. Rh7+ 1-0

[Event "Titled Tuesday intern op 02nd Jul Late"]
[Site "Chess.com INT"]
[Date "2024.07.02"]
[Round "3"]
[White "Kovalenko, Igor"]
[Black "Povshednyi, Ivan"]
[Result "1-0"]
[WhiteElo "2674"]
[BlackElo "2242"]
[PlyCount "101"]
[EventDate "2024.07.02"]
[EventType "swiss (blitz)"]
[EventRounds "11"]
[EventCountry "USA"]
[SourceTitle "EXT 2025"]
[Source "ChessBase"]
[SourceDate "2024.10.14"]
[SourceVersion "1"]
[SourceVersionDate "2024.10.14"]
[SourceQuality "1"]

1. d4 Nf6 2. Bg5 d5 3. Nd2 c5 4. dxc5 e6 5. e3 Bxc5 6. Ngf3 0-0 7. Bd3 Be7 8. 0-0 b6 9. a3 Bb7 10. Qe2 Nbd7 11. Rfd1 h6 12. Bh4 Nc5 13. b4 Nxd3 14. cxd3 Rc8 15. Nb3 Nd7 16. Bg3 Ba6 17. Qb2 Bf6 18. Ne5 Bxe5 19. Bxe5 Nxe5 20. Qxe5 Qf6 21. Qxf6 gxf6 22. a4 Rc3 23. Nc1 d4 24. b5 Bb7 25. Ne2 Rc5 26. Nxd4 e5 27. Nf5 Bc8 28. Ne7+ Kg7 29. Rac1 Rxc1 30. Rxc1 Be6 31. Rc3 a6 32. h4 axb5 33. axb5 Ra8 34. Rc6 Ra3 35. Rxb6 Rxd3 36. Rb8 Rb3 37. b6 f5 38. Nc6 Kf6 39. b7 Bd5 40. Nxe5 Kxe5 41. Re8+ Be6 42. b8Q+ Rxb8 43. Rxb8 f4 44. exf4+ Kxf4 45. g3+ Kf5 46. Rb4 h5 47. Rf4+ Kg6 48. Kf1 f6 49. Ke2 Bd5 50. Ke3 Bb7 51. Kd4 1-0

[Event "Titled Tuesday intern op 02nd Jul Early"]
[Site "Chess.com INT"]
[Date "2024.07.02"]
[Round "10"]
[White "Kushko, Dmitriy"]
[Black "Kovalenko, Igor"]
[Result "1-0"]
[WhiteElo "2444"]
[BlackElo "2674"]
[PlyCount "165"]
[EventDate "2024.07.02"]
[EventType "swiss (blitz)"]
[EventRounds "11"]
[EventCountry "USA"]
[SourceTitle "EXT 2025"]
[Source "ChessBase"]
[SourceDate "2024.10.14"]
[SourceVersion "1"]
[SourceVersionDate "2024.10.14"]
[SourceQuality "1"]

1. Nf3 d5 2. g3 Nf6 3. Bg2 Bf5 4. 0-0 e6 5. c4 c6 6. Qb3 Qb6 7. d3 Nbd7 8. cxd5 cxd5 9. Qxb6 Nxb6 10. Be3 Be7 11. Nd4 Bg6 12. Nb5 0-0 13. Nxa7 Na4 14. Nc3 Ng4 15. Nxa4 Nxe3 16. fxe3 Rxa7 17. Nc3 Ra5 18. a4 Rc8 19. Rfc1 Rac5 20. Kf2 h5 21. Ra3 h4 22. Rb3 hxg3+ 23. hxg3 R8c7 24. Ra1 Bf6 25. d4 Rc4 26. a5 Bf5 27. Bf3 Bg5 28. Rb5 Kh7 29. Ra3 Kg6 30. Rab3 Bd8 31. Ra3 Rd7 32. Ke1 Bc7 33. Kf2 Bd8 34. Ke1 Rc8 35. g4 Be4 36. Nxe4 dxe4 37. Bxe4+ Kf6 38. Rxb7 Rd6 39. a6 Bb6 40. Rxb6 Rxb6 41. a7 Rxb2 42. a8Q Rxa8 43. Rxa8 Rb3 44. Kf2 g5 45. Bf3 Rb4 46. Ra7 Kg7 47. Rc7 Kf6 48. d5 exd5 49. Bxd5 Ke5 50. Bf3 Ke6 51. Rc5 f6 52. Rc6+ Ke5 53. Rc3 Ra4 54. Rd3 Ra5 55. Rd4 Ra3 56. Re4+ Kd6 57. Rb4 Ke5 58. Rb5+ Ke6 59. e4 Rc3 60. Rd5 Ra3 61. Rd3 Ra5 62. Ke3 Ra4 63. Rc3 Ke5 64. Kd3 Rd4+ 65. Ke3 Rb4 66. Rc5+ Ke6 67. e5 fxe5 68. Be4 Rb3+ 69. Kf2 Rb4 70. Kf3 Rb3+ 71. e3 Rb4 72. Rc6+ Kd7 73. Rg6 Ke7 74. Rxg5 Kf6 75. Rf5+ Ke6 76. g5 Ra4 77. g6 Ra1 78. Rg5 Rf1+ 79. Ke2 Rf8 80. g7 Rg8 81. Bh7 Kf6 82. Bxg8 Kxg5 83. Bd5 1-0

[Event "Titled Tuesday intern op 25th Jun Early"]
[Site "Chess.com INT"]
[Date "2024.06.25"]
[Round "3"]
[White "Bashirli, Nail Qoshqar"]
[Black "Kovalenko, Igor"]
[Result "1-0"]
[WhiteElo "2327"]
[BlackElo "2674"]
[PlyCount "113"]
[EventDate "2024.06.25"]
[EventType "swiss (blitz)"]
[EventRounds "11"]
[EventCountry "USA"]
[SourceTitle "EXT 2025"]
[Source "ChessBase"]
[SourceDate "2024.10.14"]
[SourceVersion "1"]
[SourceVersionDate "2024.10.14"]
[SourceQuality "1"]

1. e4 d5 2. exd5 Qxd5 3. Nc3 Qa5 4. g3 Nf6 5. Bg2 e5 6. Nge2 Bd6 7. 0-0 0-0 8. d4 Nc6 9. d5 Ne7 10. a3 Ng6 11. Bg5 Be7 12. b4 Qa6 13. Qd2 Qc4 14. Rfe1 a5 15. bxa5 Rd8 16. Bxf6 Bxf6 17. Ne4 Be7 18. h4 f5 19. h5 Nf8 20. N4c3 Rxa5 21. Qe3 Bf6 22. Red1 Qc5 23. Qd2 Rd6 24. a4 Rda6 25. Rab1 h6 26. Rb3 Rd6 27. Nb5 Rxa4 28. Nxd6 Qxd6 29. Nc3 Rc4 30. Nb5 Qd7 31. Rc3 Rxc3 32. Nxc3 e4 33. d6 cxd6 34. Qd5+ Kh7 35. Nb5 Qe8 36. Nxd6 Qd8 37. Nxc8 Qxc8 38. Bh3 Qxc2 39. Bxf5+ Kh8 40. Bxe4 Qa4 41. Qd6 Qxe4 42. Qxf8+ Kh7 43. Qc8 Qf3 44. Qc2+ Kh8 45. Qc8+ Kh7 46. Qc2+ Kh8 47. Re1 Qxh5 48. Qc8+ Kh7 49. Qxb7 Qg5 50. Qe4+ Kh8 51. Rd1 h5 52. Qe8+ Kh7 53. Qe4+ Kh8 54. Kg2 Qb5 55. Rd5 Qb7 56. Rxh5+ Kg8 57. Qxb7 1-0

[Event "Titled Tuesday intern op 25th Jun Late"]
[Site "Chess.com INT"]
[Date "2024.06.25"]
[Round "8"]
[White "Bluebaum, Matthias"]
[Black "Kovalenko, Igor"]
[Result "1-0"]
[WhiteElo "2647"]
[BlackElo "2674"]
[PlyCount "77"]
[EventDate "2024.06.25"]
[EventType "swiss (blitz)"]
[EventRounds "11"]
[EventCountry "USA"]
[SourceTitle "EXT 2025"]
[Source "ChessBase"]
[SourceDate "2024.10.14"]
[SourceVersion "1"]
[SourceVersionDate "2024.10.14"]
[SourceQuality "1"]

1. d4 Nf6 2. c4 e6 3. Nc3 Bb4 4. e3 c5 5. Nge2 d5 6. a3 Ba5 7. dxc5 dxc4 8. Bd2 Nbd7 9. Ng3 Nxc5 10. Bxc4 Bc7 11. 0-0 a6 12. b4 Ncd7 13. Rc1 0-0 14. Be2 Ne5 15. Qc2 Bd7 16. f4 Ng6 17. Bf3 Rb8 18. Rfd1 Nh4 19. Nce4 Nxf3+ 20. gxf3 Bb6 21. Kg2 Nxe4 22. Nxe4 Qe8 23. Qb2 f6 24. Nc5 Bc6 25. e4 Qg6+ 26. Kh1 Rbe8 27. Rg1 Qh5 28. Rg3 Rf7 29. Be3 Bxc5 30. Rxc5 Qh6 31. Qf2 f5 32. Qg2 Rd7 33. Rc1 Qf6 34. Rg1 Qc3 35. Bc1 g6 36. Bb2 Qd2 37. Rxg6+ Kf8 38. Rg8+ Ke7 39. Bf6+ 1-0

[Event "Titled Tuesday intern op 25th Jun Early"]
[Site "Chess.com INT"]
[Date "2024.06.25"]
[Round "1"]
[White "Gokhale, Rishabh Chandrashek"]
[Black "Kovalenko, Igor"]
[Result "0-1"]
[WhiteElo "2079"]
[BlackElo "2674"]
[PlyCount "84"]
[EventDate "2024.06.25"]
[EventType "swiss (blitz)"]
[EventRounds "11"]
[EventCountry "USA"]
[SourceTitle "EXT 2025"]
[Source "ChessBase"]
[SourceDate "2024.10.14"]
[SourceVersion "1"]
[SourceVersionDate "2024.10.14"]
[SourceQuality "1"]

1. b3 d5 2. Bb2 Bf5 3. e3 e6 4. Nf3 Nf6 5. Be2 Bd6 6. c4 c6 7. Nc3 0-0 8. 0-0 h6 9. Rc1 a6 10. a3 Nbd7 11. b4 e5 12. Qb3 Be6 13. cxd5 cxd5 14. d4 e4 15. Nd2 Qb8 16. h3 b5 17. Qd1 Nb6 18. a4 Nc4 19. Nxc4 bxc4 20. b5 Qc8 21. f4 exf3 22. Bxf3 axb5 23. Nxb5 Bb8 24. Ba3 Re8 25. Bd6 Bd7 26. Bxb8 Qxb8 27. Rb1 Rxe3 28. Qd2 Rd3 29. Qe2 Be6 30. Rf2 Rxa4 31. Nc3 Rb4 32. Rc1 Rxd4 33. Rcf1 Rb3 34. Na4 Qb4 35. Qe5 Rdd3 36. Nb2 Re3 37. Qd4 Ne4 38. Bxe4 Rxe4 39. Qa7 Rxb2 40. Rxf7 Qb6+ 41. Qxb6 Rxb6 42. Rf8+ Kh7 0-1

[Event "Titled Tuesday intern op 25th Jun Late"]
[Site "Chess.com INT"]
[Date "2024.06.25"]
[Round "5"]
[White "Hong, Andrew Z"]
[Black "Kovalenko, Igor"]
[Result "1-0"]
[WhiteElo "2550"]
[BlackElo "2674"]
[PlyCount "141"]
[EventDate "2024.06.25"]
[EventType "swiss (blitz)"]
[EventRounds "11"]
[EventCountry "USA"]
[SourceTitle "EXT 2025"]
[Source "ChessBase"]
[SourceDate "2024.10.14"]
[SourceVersion "1"]
[SourceVersionDate "2024.10.14"]
[SourceQuality "1"]

1. d4 Nf6 2. Nc3 e6 3. e4 d5 4. e5 Nfd7 5. f4 c5 6. Nf3 Nc6 7. Be3 a6 8. Qd2 b5 9. Bd3 Qb6 10. Qf2 cxd4 11. Nxd4 Bc5 12. Nce2 Bb7 13. 0-0 0-0 14. c3 b4 15. Qh4 f5 16. g4 Ndxe5 17. fxe5 Nxe5 18. Rad1 Nxg4 19. Bc1 bxc3 20. bxc3 e5 21. Bxf5 Nh6 22. Bxh6 Qxh6 23. Qxh6 gxh6 24. Rb1 Bc6 25. Kh1 exd4 26. cxd4 Ba7 27. Be6+ Kh8 28. Nc3 Bxd4 29. Bxd5 Bxd5+ 30. Nxd5 Rad8 31. Nf4 Rfe8 32. Rbd1 Be3 33. Nd5 Bg5 34. Nc7 Rxd1 35. Rxd1 Re2 36. a4 a5 37. Nd5 Kg7 38. Rb1 Kg6 39. Rb5 Rd2 40. Rxa5 Kf5 41. Nc3+ Kf4 42. Ra8 Rc2 43. Rf8+ Kg4 44. Ne4 Bf4 45. Rg8+ Kf3 46. Nf6 Rc1+ 47. Rg1 Rc2 48. Rf1+ Rf2 49. Rxf2+ Kxf2 50. a5 Kf3 51. a6 Be3 52. Nd5 Bf2 53. Ne7 h5 54. Nc6 h4 55. a7 Bxa7 56. Nxa7 h3 57. Kg1 h5 58. Nb5 Ke3 59. Nd6 Kf3 60. Nf5 Kf4 61. Ng3 h4 62. Nf1 Kf3 63. Nd2+ Ke3 64. Nb3 Kf3 65. Nc5 Ke3 66. Ne6 Kf3 67. Kf1 Kg4 68. Ke2 Kf5 69. Nd4+ Ke4 70. Nf3 Kf4 71. Nxh4 1-0